Find the Mystery Country Flag by Colour Clues #1 - Statistics

General Stats
  • This quiz has been taken 14,901 times
  • The average score is 11 of 196
Answers on the Map
Answers color-coded by a green-red scale on the quiz's map according to % correct below.
 
Answer Stats
Country % Correct
United States
54%
Russia
36%
China
32%
France
31%
Brazil
30%
Canada
28%
Germany
26%
Italy
23%
India
22%
United Kingdom
22%
Mexico
20%
Spain
20%
Australia
14%
Japan
14%
South Africa
12%
Argentina
11%
Vietnam
11%
Poland
10%
Belgium
9%
Portugal
9%
Chad
8%
Colombia
8%
Democratic Republic of the Congo
8%
Egypt
8%
Ireland
8%
Mali
8%
Niger
8%
Romania
8%
Algeria
7%
Chile
7%
Ghana
7%
Iran
7%
Peru
7%
Saudi Arabia
7%
Sweden
7%
Turkey
7%
Ukraine
7%
Bolivia
6%
Guinea
6%
Hungary
6%
Indonesia
6%
Jamaica
6%
Netherlands
6%
Norway
6%
Pakistan
6%
Republic of the Congo
6%
Senegal
6%
Seychelles
6%
Sudan
6%
Angola
5%
Austria
5%
Cambodia
5%
Cameroon
5%
Cuba
5%
Denmark
5%
Dominican Republic
5%
Estonia
5%
Ethiopia
5%
Finland
5%
Greece
5%
Iraq
5%
Kenya
5%
Libya
5%
Lithuania
5%
Mongolia
5%
Morocco
5%
Nigeria
5%
South Korea
5%
United Arab Emirates
5%
Venezuela
5%
Afghanistan
4%
Albania
4%
Armenia
4%
Bangladesh
4%
Bhutan
4%
Botswana
4%
Bulgaria
4%
Central African Republic
4%
Croatia
4%
Ecuador
4%
Iceland
4%
Kazakhstan
4%
Madagascar
4%
Malaysia
4%
Mauritius
4%
Myanmar
4%
Nepal
4%
New Zealand
4%
North Korea
4%
Oman
4%
Panama
4%
Serbia
4%
Sri Lanka
4%
Switzerland
4%
Thailand
4%
Tunisia
4%
Uganda
4%
Uruguay
4%
Yemen
4%
Zambia
4%
Zimbabwe
4%
Andorra
3%
Azerbaijan
3%
Bahamas
3%
Belarus
3%
Belize
3%
Bosnia and Herzegovina
3%
Brunei
3%
Burkina Faso
3%
Comoros
3%
Costa Rica
3%
Cyprus
3%
Czech Republic
3%
Dominica
3%
Fiji
3%
Gabon
3%
Gambia
3%
Georgia
3%
Guatemala
3%
Guinea-Bissau
3%
Guyana
3%
Haiti
3%
Honduras
3%
Israel
3%
Ivory Coast
3%
Jordan
3%
Kiribati
3%
Kosovo
3%
Kuwait
3%
Kyrgyzstan
3%
Laos
3%
Latvia
3%
Lebanon
3%
Lesotho
3%
Liberia
3%
Luxembourg
3%
Malawi
3%
Malta
3%
Mauritania
3%
Moldova
3%
Monaco
3%
Montenegro
3%
Mozambique
3%
Namibia
3%
Nicaragua
3%
North Macedonia
3%
Palau
3%
Papua New Guinea
3%
Paraguay
3%
Philippines
3%
Qatar
3%
Rwanda
3%
Sierra Leone
3%
Singapore
3%
Slovakia
3%
Slovenia
3%
Somalia
3%
South Sudan
3%
Suriname
3%
Syria
3%
Taiwan
3%
Tanzania
3%
Togo
3%
Uzbekistan
3%
Vatican City
3%
Antigua and Barbuda
2%
Bahrain
2%
Barbados
2%
Benin
2%
Burundi
2%
Cape Verde
2%
Djibouti
2%
East Timor
2%
El Salvador
2%
Equatorial Guinea
2%
Eritrea
2%
Eswatini
2%
Federated States of Micronesia
2%
Grenada
2%
Liechtenstein
2%
Maldives
2%
Marshall Islands
2%
Nauru
2%
Saint Kitts and Nevis
2%
Saint Lucia
2%
Saint Vincent and the Grenadines
2%
Samoa
2%
San Marino
2%
São Tomé and Príncipe
2%
Solomon Islands
2%
Tajikistan
2%
Tonga
2%
Trinidad and Tobago
2%
Turkmenistan
2%
Tuvalu
2%
Vanuatu
2%
No matching quizzes found
Score Distribution
Percent of People with Each Score
Percentile by Number Answered
Your Score History
You have not taken this quiz